|
|
|
|
| LEADER |
00980cam a2200289 7i4500 |
| 001 |
0000036453 |
| 005 |
20200909090000.0 |
| 007 |
##ta |
| 008 |
200909t20202020enka o 00 eng d |
| 020 |
# |
# |
|a 9780815396109
|
| 040 |
# |
# |
|a MATR
|
| 090 |
0 |
0 |
|a CHIN 337.51
|b GAR
|
| 100 |
1 |
# |
|a Garlick, Jeremy
|e author
|
| 245 |
1 |
4 |
|a The impact of China's Belt and Road Initiative :
|b from Asia to Europe
|c Jeremy Garlick.
|
| 264 |
# |
4 |
|a ♭2020.
|
| 264 |
# |
1 |
|a London:
|b Routledge,
|c 2020.
|
| 300 |
# |
# |
|a xvi, 249 pages:
|b illustrations;
|c 24 cm.
|
| 336 |
# |
# |
|a text
|2 rdacontent
|
| 337 |
# |
# |
|a unmediated
|2 rdamedia
|
| 338 |
# |
# |
|a volume
|2 rdacarrier
|
| 650 |
# |
0 |
|a Infrastructure (Economics) --
|z China
|
| 650 |
# |
0 |
|a Trade routes --
|z China
|
| 650 |
# |
0 |
|a Economic development --
|z China
|
| 651 |
# |
0 |
|a China --
|x Foreign economic relations
|
| 651 |
# |
0 |
|a China --
|x Economic policy --
|y 2000-
|
| 651 |
# |
0 |
|a China --
|x Commerce
|
| 999 |
|
|
|a B000041228
|b Book
|c Countries
|e Business Information Centre
|